Core curriculum for pediatric emergency nursing / (Record no. 702)

000 -LEADER
fixed length control field 03433nam a22009257a 4500
001 - CONTROL NUMBER
control field 8632201
003 - CONTROL NUMBER IDENTIFIER
control field LIBRIS
005 - DATE AND TIME OF LATEST TRANSACTION
control field 20241031120316.0
008 - FIXED-LENGTH DATA ELEMENTS--GENERAL INFORMATION
fixed length control field 020916s2003 mau||||||b||||001 0|eng|
010 ## - LIBRARY OF CONGRESS CONTROL NUMBER
LC control number 2002074119
020 ## - INTERNATIONAL STANDARD BOOK NUMBER
International Standard Book Number 0763701769
020 ## - INTERNATIONAL STANDARD BOOK NUMBER
International Standard Book Number 9780763701765
035 ## - SYSTEM CONTROL NUMBER
System control number (DNLM)101150286
035 ## - SYSTEM CONTROL NUMBER
System control number (DLC) 2002074119
040 ## - CATALOGING SOURCE
Original cataloging agency DNLM/DLC
Transcribing agency DLC
Modifying agency Rk
Description conventions a
Language of cataloging eng
041 ## - LANGUAGE CODE
Language code of text/sound track or separate title eng
042 ## - AUTHENTICATION CODE
Authentication code pcc
050 00 - LIBRARY OF CONGRESS CALL NUMBER
Classification number RJ370
Item number .C674 2002
060 10 - NATIONAL LIBRARY OF MEDICINE CALL NUMBER
Classification number WY 18.2
Item number C79715 2002
080 ## - UNIVERSAL DECIMAL CLASSIFICATION NUMBER
Universal Decimal Classification number 616-08
Item number T-46
082 00 - DEWEY DECIMAL CLASSIFICATION NUMBER
Classification number 618.92/0025
Edition number 21
084 ## - OTHER CLASSIFICATION NUMBER
Classification number Vpj
Number source kssb/7
084 ## - OTHER CLASSIFICATION NUMBER
Classification number Vpg
Number source kssb/7
084 ## - OTHER CLASSIFICATION NUMBER
Classification number Vh
Number source kssb/7
100 ## - MAIN ENTRY--PERSONAL NAME
9 (RLIN) 533
Personal name Thomas, Ojanen. Donna
Relator term Editor
245 00 - TITLE STATEMENT
Title Core curriculum for pediatric emergency nursing /
Statement of responsibility, etc. Emergency Nurses Association.
Remainder of title / by: Jones and Bartlett Publishers,
260 ## - PUBLICATION, DISTRIBUTION, ETC.
Place of publication, distribution, etc. Sudbury, Mass.
Name of publisher, distributor, etc. Jones and Bartlett Publishers,
Date of publication, distribution, etc. 2003
263 ## - PROJECTED PUBLICATION DATE
Projected publication date 0209
300 ## - PHYSICAL DESCRIPTION
Extent 619 p.
Dimensions cm.
340 ## - PHYSICAL MEDIUM
Dimensions cm.
504 ## - BIBLIOGRAPHY, ETC. NOTE
Bibliography, etc. note Includes bibliographical references and index.
650 #7 - SUBJECT ADDED ENTRY--TOPICAL TERM
Topical term or geographic name entry element Akutv�rd
Authority record control number or standard number https://id.kb.se/term/sao/Akutv%C3%A5rd
Source of heading or term sao
650 #0 - SUBJECT ADDED ENTRY--TOPICAL TERM
Topical term or geographic name entry element Patient Care
9 (RLIN) 285
650 #7 - SUBJECT ADDED ENTRY--TOPICAL TERM
Topical term or geographic name entry element Omv�rdnad
Authority record control number or standard number https://id.kb.se/term/sao/Omv%C3%A5rdnad
Source of heading or term sao
650 #7 - SUBJECT ADDED ENTRY--TOPICAL TERM
Topical term or geographic name entry element Pediatrik
Authority record control number or standard number https://id.kb.se/term/sao/Pediatrik
Source of heading or term sao
650 #0 - SUBJECT ADDED ENTRY--TOPICAL TERM
Topical term or geographic name entry element Pediatric emergencies.
650 #0 - SUBJECT ADDED ENTRY--TOPICAL TERM
Topical term or geographic name entry element Pediatric nursing.
650 #0 - SUBJECT ADDED ENTRY--TOPICAL TERM
Topical term or geographic name entry element Emergency nursing.
650 12 - SUBJECT ADDED ENTRY--TOPICAL TERM
Topical term or geographic name entry element Emergencies
General subdivision Child.
650 12 - SUBJECT ADDED ENTRY--TOPICAL TERM
Topical term or geographic name entry element Emergencies
General subdivision Infant.
650 12 - SUBJECT ADDED ENTRY--TOPICAL TERM
Topical term or geographic name entry element Emergency Nursing
General subdivision education.
650 12 - SUBJECT ADDED ENTRY--TOPICAL TERM
Topical term or geographic name entry element Pediatric Nursing
General subdivision education.
650 22 - SUBJECT ADDED ENTRY--TOPICAL TERM
Topical term or geographic name entry element Accidents
General subdivision Child.
650 22 - SUBJECT ADDED ENTRY--TOPICAL TERM
Topical term or geographic name entry element Accidents
General subdivision Infant.
650 #0 - SUBJECT ADDED ENTRY--TOPICAL TERM
Topical term or geographic name entry element Nursing
650 #0 - SUBJECT ADDED ENTRY--TOPICAL TERM
Topical term or geographic name entry element Emergency medical services
653 ## - INDEX TERM--UNCONTROLLED
Uncontrolled term პაციენტის მოვლა
653 ## - INDEX TERM--UNCONTROLLED
Uncontrolled term პედიატრიული პაციენტის მოვლა
700 ## - ADDED ENTRY--PERSONAL NAME
9 (RLIN) 534
Personal name Bernardo, Marie. Lisa
Relator term Editor
700 ## - ADDED ENTRY--PERSONAL NAME
9 (RLIN) 535
Personal name Herman, Bruce
Relator term Editor
710 2# - ADDED ENTRY--CORPORATE NAME
Corporate name or jurisdiction name as entry element Emergency Nurses Association.
887 ## - NON-MARC INFORMATION FIELD
Content of non-MARC field {"@id":"p60xbqc11bcw0n3","modified":"2018-01-29T11:11:45+01:00","checksum":"147747475366"}
Source of data librisxl
887 ## - NON-MARC INFORMATION FIELD
Content of non-MARC field {"@id":"sx3vqj2z4c8qbf0","modified":"2016-06-20T09:54:14+02:00","checksum":"84282567691"}
Source of data librisxl
942 ## - ADDED ENTRY ELEMENTS (KOHA)
Source of classification or shelving scheme
Koha item type Books
Holdings
Withdrawn status Lost status Source of classification or shelving scheme Damaged status Not for loan Permanent location Current location Date acquired Inventory number Total Checkouts Full call number Barcode Date last seen Price effective from Koha item type
          Ken Walker International University Ken Walker International University 12/18/2020 2172   616-08 T-46 2172 12/18/2020 12/18/2020 Books
          Ken Walker International University Ken Walker International University 12/18/2020 2173   616-08 T-46 2173 12/18/2020 12/18/2020 Books

Powered by Koha